Diagnóstico general del sistema educativo: avance de resultados

Saved in:
Bibliographic Details
Corporate Authors: INCE (Author), Instituto Nacional de Calidad y Evaluación (Author)
Format: Book
Language:Spanish
Published: Madrid Ministerio de Educación y Cultura 1998
Edition:1a. ed
Subjects:
Tags: Add Tag
No Tags, Be the first to tag this record!

MARC

LEADER 00000nam a2200000 a 4500
001 UCJ0916
003 CL-VaPUC
008 060914e19980000SP |||||||||||||||||spa|d
082 0 4 |a 371.26  |b INC  |2 21 
110 2 |a INCE  |e author  |9 501363 
710 2 |a Instituto Nacional de Calidad y Evaluación  |e author  |9 501364 
245 1 0 |a Diagnóstico general del sistema educativo: avance de resultados 
250 |a 1a. ed 
300 |a 101 p 
942 |c BK 
945 |d 20060914 00:00:00  |a cmena 
260 |a Madrid  |b Ministerio de Educación y Cultura  |c 1998 
650 0 |a Evaluación de la educación   |9 237505 
650 0 |a Rol del docente  |9 329733 
650 0 |a Métodos de enseñanza  |9 270413 
650 0 |a Formación profesional de profesores  |9 307493 
650 0 |a Planificación del currículo  |9 269599 
583 |a last modification  |c 20140409 03:38:58  |k Rodrigo Vera 
999 |c 317655  |d 317653 
952 |0 0  |1 0  |4 0  |6 371_260000000000000_INC_1998  |7 0  |8 A  |9 394282  |a BIBEDU  |b BIBEDU  |d 2019-11-22  |i 4265017  |o 371.26 INC 1998  |p 4265017  |r 2019-11-22  |w 2019-11-22  |y BK  |k EBA